Fundamental of applied statistics (Record no. 1374)
[ view plain ]
| 000 -LEADER | |
|---|---|
| fixed length control field | 00596cam a2200217ua 4500 |
| 001 - CONTROL NUMBER | |
| control field | 1485 |
| 005 - DATE AND TIME OF LATEST TRANSACTION | |
| control field | 20260515113335.0 |
| 008 - FIXED-LENGTH DATA ELEMENTS--GENERAL INFORMATION | |
| fixed length control field | 140308n ii |||gr||||Z||||||eng |
| 020 ## - INTERNATIONAL STANDARD BOOK NUMBER | |
| International Standard Book Number | 81-7014-151-6 |
| 040 ## - CATALOGING SOURCE | |
| Transcribing agency | MAIN |
| 082 ## - DEWEY DECIMAL CLASSIFICATION NUMBER | |
| Classification number | 519.5 |
| 100 ## - MAIN ENTRY--PERSONAL NAME | |
| Personal name | Gupta, S. C., |
| Relator term | Author. |
| 245 ## - TITLE STATEMENT | |
| Title | Fundamental of applied statistics |
| Statement of responsibility, etc. | by S. C. Gupta |
| 250 ## - EDITION STATEMENT | |
| Edition statement | 3rd. |
| 260 ## - PUBLICATION, DISTRIBUTION, ETC. | |
| Place of publication, distribution, etc. | New delhi: |
| Name of publisher, distributor, etc. | Sultan chand & sons, |
| Date of publication, distribution, etc. | 2000. |
| 300 ## - PHYSICAL DESCRIPTION | |
| Extent | 9.70p: |
| Dimensions | 23cm. |
| 653 ## - INDEX TERM--UNCONTROLLED | |
| Uncontrolled term | Probabilities & applied mathematics |
| 653 ## - INDEX TERM--UNCONTROLLED | |
| Uncontrolled term | fundamental of applied statistics |
| 700 ## - ADDED ENTRY--PERSONAL NAME | |
| Personal name | Kapoor, V. K., |
| Relator term | author. |
| 942 ## - ADDED ENTRY ELEMENTS (KOHA) | |
| Koha item type | Books |
| Withdrawn status | Lost status | Damaged status | Not for loan | Home library | Current library | Shelving location | Date acquired | Total checkouts | Full call number | Barcode | Date last seen | Copy number | Price effective from | Koha item type |
|---|---|---|---|---|---|---|---|---|---|---|---|---|---|---|
| Naharkatiya College Library | Naharkatiya College Library | General stacks | 09/19/2020 | 519.5 | KAP | 13544 | 09/19/2020 | 1 | 09/19/2020 | Books |